| 000 | 00775nam a2200229 i 4500 | ||
|---|---|---|---|
| 001 | 184112 | ||
| 003 | ES-MaACL | ||
| 005 | 20250407063123.0 | ||
| 008 | 150318s1944 sp |||| |bspa d | ||
| 080 | _a929 Alejandro Magno | ||
| 100 | 1 |
_aMontero Díaz, Santiago, _d1911-1985 _982517 |
|
| 245 | 1 | 0 |
_aAlejandro Magno / _cSantiago Montero Díaz. |
| 260 |
_aMadrid : _bAtlas, _c1944. |
||
| 300 |
_a157 p. ; _c20 cm. |
||
| 490 | 1 |
_aVidas ; _v13 |
|
| 597 | _aCon sello de: Biblioteca D.P. Educación Nacional, Madrid. | ||
| 598 | _aColección de biografías... bajo la dir. de Joaquín Arrarás. | ||
| 600 | 0 | 7 |
_aAlejandro Magno- _xBiografías. _919704 |
| 830 | 0 |
_aVidas ; _v13 _9192031 |
|
| 852 |
_aES-MaACL _jE-15499 _z. - enc. hol. |
||
| 999 |
_c184112 _d184112 |
||